Contos de Andersen (Registo nº 1914)

Detalhes MARC
000 -Etiqueta do registo
Cabeçalho 00927nam a22003131 4500
005 - Identificador da versão
Campo de controlo 20240813121919.0
095 ## -
-- PTBN00660878
010 ## - Número internacional normalizado dos livros (ISBN)
Número (ISBN) 9724302377
021 ## - Número do Depósito Legal
Código do país PT
Número 75375/94
100 ## - Dados gerais de processamento
Dados gerais de processamento 20070525d1994 de y0pory5003 ba
102 ## - Pais de publicação ou produção
País de publicação Portugal
101 1# - Língua de publicação
Língua do texto, banda sonora, etc. Português
Língua do documento no original Inglês
106 ## - Campo de dados codificados: material textual
Dados codificados do material textual r
105 ## - Campo de dados codificados: livros
Dados codificados dos livros a z 001fy
215 ## - Descrição física 
Indicação específica da natureza do documento e extensão da espécie 67 p.
Outras indicações físicas il.
Dimensões 35 cm
200 1# - Titulo e menção de responsabilidade
Título próprio Contos de Andersen
Primeira menção de responsabilidade Hans Christian Andersen
Outras menções de responsabilidade il. Lisbeth Zwerger
-- trad. Cristina Pinto
210 ## - Publicação, Distribuição, etc. 
Lugar da edição, distribuição, etc. Porto
Nome do editor, distribuidor, etc. Edinter
Data da publicação, distribuição, etc. 1994
304 ## - Notas relativas a título e menção de responsabilidade 
Texto da nota Tít. orig.: Andersen fairy tales
606 ## - Nome comum usado como assunto
Número de registo de entrada de autoridade 0000015
Palavra de ordem Literatura estrangeira infanto-juvenil
Subdivisão de assunto Conto
675 ## - Classificação Decimal Universal (CDU)
Notação 82-34
Edição
Língua da edição por
702 #1 - Nome de autor-pessoa física (responsabilidade secundária)
Número de registo de entrada de autoridade 0000503
Palavra de ordem Zwerger
Outra parte do nome não tomada para palavra de ordem Lisbeth
Código de função Ilustrador / Técnico de desenho computorizado
Número de registo de entrada de autoridade 0000504
Palavra de ordem Pinto
Outra parte do nome não tomada para palavra de ordem Cristina
Código de função Tradutor
700 #1 - Nome de autor-pessoa física (responsabilidade principal)
Número de registo de entrada de autoridade 0000420
Palavra de ordem Andersen
Outra parte do nome não tomada para palavra de ordem Hans Christian
Datas 1805-1875
942 ## - Elementos de entrada adicionados (Koha)
Tipo de item no Koha Livro
Exemplares
Situação do levantamento Origin of item (home branch) (coded) Biblioteca de empréstimo Código de barras Cota Circulation type (not for loan) Tipo de documento Nota do exemplar Damaged status
  Biblioteca Escolar da Coca Maravilhas Biblioteca Escolar da Coca Maravilhas BECM2644/94 8EST AND   Livro Sem mensagem